[Event "AUT2M-chT 1998/99"]
[Site "Gmunden"]
[Date "1999.03.14"]
[Round "11.3"]
[White "Opl, Klaus"]
[Black "Schueller, Ernst"]
[Result "1/2-1/2"]
[WhiteElo "2330"]
[BlackElo "2255"]
[PlyCount "93"]
[EventDate "1999.03.13"]

1. e4 d5 2. exd5 Qxd5 3. Nc3 Qa5 4. d4 c6 5. Bc4 Nf6 6. Nge2 e6 7. Bf4 b5 8.
Bd3 b4 9. Ne4 Nd5 10. Nd6+ Bxd6 11. Bxd6 Qd8 12. Bg3 Ba6 13. a3 Bxd3 14. Qxd3
O-O 15. O-O a5 16. axb4 Nxb4 17. Qd1 Qb6 18. Nf4 Nd7 19. c3 Nd5 20. Nd3 N5f6
21. Re1 Rfc8 22. Bd6 Qb5 23. Be5 a4 24. Ra3 Qc4 25. Qc2 Ra5 26. Rea1 Rca8 27.
Bd6 h6 28. Qd1 Ne4 29. Bb4 R5a6 30. f3 Nef6 31. Bd6 Nd5 32. Qd2 N5b6 33. Nb4
R6a7 34. b3 Qb5 35. c4 Qa5 36. Qc1 Rc8 37. Nd3 Qf5 38. b4 Rca8 39. Nc5 e5 40.
Qc3 exd4 41. Qxd4 Qf6 42. Qxf6 Nxf6 43. Rc1 Rd8 44. Be5 Rd2 45. Bc3 Re2 46. Kf1
Re3 47. Ra2 1/2-1/2

[Event "AUT2M-chT 1998/99"]
[Site "Gmunden"]
[Date "1999.03.14"]
[Round "11.3"]
[White "Denk, Adolf"]
[Black "Peterwagner, Heinz"]
[Result "1/2-1/2"]
[WhiteElo "2261"]
[BlackElo "2215"]
[PlyCount "110"]
[EventDate "1999.03.13"]

1. d4 g6 2. Nf3 Bg7 3. g3 c5 4. c4 cxd4 5. Nxd4 Qb6 6. Nb5 a6 7. N5c3 Nf6 8.
Bg2 Nc6 9. O-O O-O 10. b3 d6 11. Bb2 Bd7 12. Na3 Rab8 13. Nc2 Qa5 14. Ne3 Qh5
15. Qd2 Bh3 16. Ncd5 Nxd5 17. Nxd5 Bxg2 18. Kxg2 Bxb2 19. Qxb2 Rfe8 20. Rfd1
Qe5 21. Qxe5 Nxe5 22. Nb6 Red8 23. Rd5 Nd7 24. Nxd7 Rxd7 25. c5 Rbd8 26. Rad1
Kf8 27. Kf3 Ke8 28. cxd6 Rxd6 29. Rxd6 exd6 30. e4 Ke7 31. Rc1 Kd7 32. Ke3 Re8
33. Kd4 Re5 34. f4 Rb5 35. g4 Rb4+ 36. Rc4 Rb5 37. Rc3 h5 38. h3 hxg4 39. hxg4
Rb4+ 40. Rc4 Rb5 41. g5 d5 42. exd5 Kd6 43. Ke4 Rxd5 44. Rc7 Kxc7 45. Kxd5 Kd7
46. b4 Kc7 47. Kc5 b6+ 48. Kd5 Kd7 49. Ke5 Ke7 50. a4 Kd7 51. Kd5 Kc7 52. Ke5
Kd7 53. Kf6 Ke8 54. Kg7 Ke7 55. Kg8 Ke8 1/2-1/2

[Event "AUT2M-chT 1998/99"]
[Site "Gmunden"]
[Date "1999.03.14"]
[Round "11.3"]
[White "Hamberger, Hermann"]
[Black "Humer, Wolfgang"]
[Result "1/2-1/2"]
[WhiteElo "2175"]
[BlackElo "2280"]
[PlyCount "36"]
[EventDate "1999.03.13"]

1. e4 c5 2. Nf3 d6 3. d4 cxd4 4. Nxd4 Nf6 5. Nc3 g6 6. Be3 Bg7 7. f3 O-O 8. Bc4
Nc6 9. Qd2 Bd7 10. h4 Qa5 11. h5 Nxh5 12. g4 Nxd4 13. Bxd4 Bxd4 14. Qxd4 Nf6
15. O-O-O Be6 16. Bb3 Rac8 17. Kb1 Bxb3 18. cxb3 Qg5 1/2-1/2

[Event "AUT2M-chT 1998/99"]
[Site "Gmunden"]
[Date "1999.03.14"]
[Round "11.4"]
[White "Imhof, Gernot"]
[Black "Hackbarth, Christa"]
[Result "1/2-1/2"]
[WhiteElo "2075"]
[BlackElo "2005"]
[PlyCount "33"]
[EventDate "1999.03.13"]

1. g3 d5 2. f4 Nf6 3. Bg2 Bf5 4. Nf3 c6 5. d3 h6 6. O-O e6 7. e3 Qb6 8. Qe2 Be7
9. Nc3 O-O 10. b3 Nbd7 11. h3 Rfe8 12. Bb2 Rac8 13. g4 Bh7 14. Rf2 Nf8 15. Raf1
N6d7 16. g5 Bg6 17. Nh4 1/2-1/2

[Event "AUT2M-chT 1998/99"]
[Site "Gmunden"]
[Date "1999.03.14"]
[Round "11.5"]
[White "Kranzl, Peter"]
[Black "Doppelhammer, Herbert"]
[Result "1/2-1/2"]
[WhiteElo "2269"]
[BlackElo "2117"]
[PlyCount "47"]
[EventDate "1999.03.13"]

1. e4 c5 2. Nf3 e6 3. d4 cxd4 4. Nxd4 Nc6 5. Nc3 Qc7 6. Be2 a6 7. O-O Nf6 8.
Be3 Be7 9. f4 d6 10. Qe1 O-O 11. Qg3 Bd7 12. e5 dxe5 13. fxe5 Nxe5 14. Bf4 Bd6
15. Rad1 Qb8 16. Rd3 Ne8 17. Ne4 Bc7 18. Rc3 Nc6 19. Bxc7 Nxd4 20. Bd3 Qa7 21.
Nc5 Nxc7 22. Bxh7+ Kxh7 23. Qxg7+ Kxg7 24. Rg3+ 1/2-1/2

[Event "AUT2M-chT 1998/99"]
[Site "Gmunden"]
[Date "1999.03.14"]
[Round "11.6"]
[White "Portisch, Ferenc"]
[Black "Jurek, Josef"]
[Result "1/2-1/2"]
[WhiteElo "2385"]
[BlackElo "2362"]
[PlyCount "21"]
[EventDate "1999.03.13"]

1. d4 Nf6 2. c4 e6 3. Nc3 Bb4 4. e3 c5 5. Bd3 Nc6 6. Nge2 cxd4 7. exd4 d5 8.
O-O dxc4 9. Bxc4 O-O 10. Bg5 Be7 11. Qd2 1/2-1/2

[Event "AUT2M-chT 1998/99"]
[Site "Gmunden"]
[Date "1999.03.14"]
[Round "11.6"]
[White "Rolletschek, Heinrich"]
[Black "Karner, Christoph"]
[Result "1/2-1/2"]
[WhiteElo "2291"]
[BlackElo "2181"]
[PlyCount "74"]
[EventDate "1999.03.13"]

1. e4 g6 2. d4 d6 3. g3 Nf6 4. Bg2 Bg7 5. Ne2 O-O 6. O-O Nbd7 7. c4 e5 8. Nbc3
exd4 9. Nxd4 Re8 10. Re1 a6 11. Rb1 Rb8 12. h3 c5 13. Nde2 b5 14. Qxd6 b4 15.
Nd5 Nxd5 16. Qxd5 Bb7 17. Qd3 Ne5 18. Qxd8 Rbxd8 19. b3 f5 20. Be3 Bxe4 21.
Bxe4 fxe4 22. Red1 Nd3 23. Rd2 Bd4 24. Bxd4 cxd4 25. Kg2 Rd7 26. Rf1 Red8 27.
f3 Nc5 28. fxe4 d3 29. Nf4 Nxe4 30. Rdd1 Nc3 31. Rd2 Ne4 32. Rdd1 d2 33. Nd5
Rxd5 34. cxd5 Rxd5 35. Kf3 Nc3 36. Ke3 Nxd1+ 37. Rxd1 Re5+ 1/2-1/2

[Event "AUT2M-chT 1998/99"]
[Site "Gmunden"]
[Date "1999.03.14"]
[Round "11.6"]
[White "Kilgus, Georg"]
[Black "Woeber, Friedrich"]
[Result "1-0"]
[WhiteElo "2218"]
[BlackElo "2205"]
[PlyCount "63"]
[EventDate "1999.03.13"]

1. d4 d5 2. c4 e5 3. dxe5 d4 4. Nf3 Nc6 5. Nbd2 Be6 6. g3 Qd7 7. Bg2 Nge7 8. a3
Ng6 9. Ng5 Ngxe5 10. Nxe6 Qxe6 11. O-O Be7 12. b4 Rd8 13. c5 O-O 14. Qb3 Qf5
15. Bb2 b6 16. cxb6 cxb6 17. f4 Ng4 18. Bxc6 d3 19. e4 Qh5 20. Nf3 Rd6 21. Bd5
Ne3 22. Rf2 Nxd5 23. exd5 Rxd5 24. Ne5 Rfd8 25. Rd1 Bf6 26. Rdd2 Qf5 27. Qd1
Qe4 28. Qf3 Qe1+ 29. Kg2 Qb1 30. Nc6 R8d7 31. Bxf6 gxf6 32. Ne7+ 1-0

[Event "AUT2M-chT 1998/99"]
[Site "Gmunden"]
[Date "1999.03.14"]
[Round "11.6"]
[White "Winiwarter, Felix"]
[Black "Wirius, Johannes"]
[Result "0-1"]
[WhiteElo "2225"]
[BlackElo "2235"]
[PlyCount "68"]
[EventDate "1999.03.13"]

1. d4 Nf6 2. c4 c5 3. d5 d6 4. Nc3 g6 5. e4 Bg7 6. Be2 Na6 7. Bg5 Nc7 8. Qd2 a6
9. a4 Bd7 10. a5 Rb8 11. f4 h6 12. Bh4 Nh7 13. Nf3 b5 14. axb6 Rxb6 15. O-O O-O
16. e5 f6 17. exd6 exd6 18. Bd3 g5 19. fxg5 fxg5 20. Bg3 Nf6 21. Bc2 Nh5 22.
Na4 Nxg3 23. Nxb6 Nxf1 24. Rxf1 Bf5 25. Bxf5 Rxf5 26. Qd3 Qf6 27. Nc8 Rf4 28.
Re1 Bf8 29. h3 Kg7 30. Kh1 Qxb2 31. g3 Rf7 32. Re6 Nxe6 33. dxe6 Rb7 34. Nxd6
Qb1+ 0-1